AH International Schools' Libraries

Mathematics for beginners / (Record no. 48238)

MARC details
000 -LEADER
fixed length control field 00347nam a2200109 4500
020 ## - INTERNATIONAL STANDARD BOOK NUMBER
International Standard Book Number 9781474998543
100 ## - MAIN ENTRY--PERSONAL NAME
Personal name Hull, Sarah,
Relator term author.
9 (RLIN) 83403
245 ## - TITLE STATEMENT
Title Mathematics for beginners /
Statement of responsibility, etc written by Sarah Hull and Tom Mumbray. Illustrated by Paul Boston.
260 ## - PUBLICATION, DISTRIBUTION, ETC. (IMPRINT)
Place of publication, distribution, etc London, England :
Name of publisher, distributor, etc Usborne ;
Date of publication, distribution, etc 2022.
300 ## - PHYSICAL DESCRIPTION
Extent 128 pages.
942 ## - ADDED ENTRY ELEMENTS (KOHA)
Source of classification or shelving scheme
Koha item type Book
Holdings
Withdrawn status Lost status Source of classification or shelving scheme Damaged status Not for loan Home library Current library Date acquired Total Checkouts Total Renewals Full call number Barcode Checked out Date last seen Date checked out Price effective from Koha item type
          Logos International School Logos International School 01/28/2025 20 1 J 510.71 HULL 040293 05/11/2026 05/01/2026 05/01/2026 01/28/2025 Book

For any Logos Library related questions please contact Miss Art at swongnarasuk@asianhope.org.

For any Asian Hope Library related questions please contact Miss Raza at graza@asianhope.org.

Powered by Koha